1906 1103 1626 1634 1989 1101 1352 1617 1966 1523 1163 1859 1721 1205 1313 1755 1191 1859 1121 1187 1365 1297 1500 1562 1530 1499 1568 1574 1784 1816 1039 1314 1429 1047 1666 1660 1525 1749 1872 1490 1397 1095 1346 1253 1449 1225 1639 1720 1713 1619 1003 1410 1235 1552 1471 1509 1031 1832 1274 1506 1154 1212 1271 1862 1701 1363 1759 1232 1934 1100 1827 1271 1213 1235 1189 1211 1473 1136 1355 1730 1479 1760 1867 1231 1776 1204 1942 1461 1580 1642 1438 1112 1276 1656 1247 1688 1478 1964 1439 BCNSPRNW ULIB Ver.6.0+V

เปลี่ยนเป็นภาษาไทย

Change to English
 แสดงรายละเอียดบรรณานุกรม
  กลับหน้าหลัก

Brief Record : Get Marc (ISO 2709) : E-mail record : QR code < ปิดหน้าต่าง
LEADER : 00000nam 2200000uu 4500
001    13399109869
003     ULIB
008    110418s2545||||th 000 0 tha d
020    9742972036
060 04 WC880^bพ432 2545
100 0  ชูวีวรรณ จิระอมรนิมิต
245 10 พฤติกรรมการดูแลตนเองของผู้ป่วยโรคเท้าช้าง ในตำบลสุไหงปาดี จังหวัดนราธิวาส/^cชูวีวรรณ จิระอมรนิมิต,หัวหน้าโครการวิจัย
260    กรุงเทพฯ :^bกรมควบคุมโรคติดต่อ,^c2545
300    86 หน้า :^bภาพประกอบสี
504    บรรณานุกรมและดรรชนี
650  7 การดูแลตนเอง
650  7 โรคเท้าช้าง
710 2  กรมควบคุมโรคติดต่อ
945    ^p0^l0^i015659
945    ^p0^l0^i015647
995    ทศพร
999 ^a ใช้งานได้ทุกระบบ
รายการนี้ยังไม่มีแท็ก
คุณยังไม่ได้ล็อกอิน คุณสามารถมีกิจกรรมร่วมกับเว็บไซต์ได้ แต่ต้องล็อกอินก่อน ::
  ล็อกอิน

รายการสื่อสารสนเทศ

ลำดับที่ ประเภท เลขเรียก/บาร์โค้ด สถานที่ สถานะ
- ไม่พบข้อมูล -

รายการใกล้เคียง
    หัวเรื่อง [การดูแลตนเอง]
    หัวเรื่อง [โรคเท้าช้าง]

BibComment


ยังไม่เคยถูกคอมเมนท์

คอมเมนท์ทรัพยากรรายการนี้
  คอมเมนท์: พฤติกรรมการดูแลตน..


 Copyright 2026. Bcnsprnw @Library